MARC

LEADER 00000nas a2200000 i 4500
001 ssj0000866162
003 WaSeSS
005 20200512172242.0
006 m d
007 cr n
008 090409c19uu9999ea ar pss 0 a0eng c
010 |a  2013252248 
015 |a GBB628700  |2 bnb 
016 7 |a 982304048  |2 DE-101 
016 7 |a 2262643-8  |2 DE-600 
016 7 |a 007848728  |2 Uk 
016 7 |a 017699039  |2 Uk 
022 |a 1848-9664  |l 1331-677X  |y 1331-677X 
035 |a (WaSeSS)ssj0000866162 
040 |a OCLCS  |b eng  |e pn  |c OCLCS  |d OCLCS  |d OCLCQ  |d WAU  |d OCLCQ  |d OCLCF  |d DLC  |d CUS  |d OCLCQ  |d DLC  |d CUS  |d NLE  |d AU@  |d UKMGB  |d IUL  |d DEBBG  |d GWDNB  |d GBVCP  |d DKU  |d OCLCQ  |d DLC  |d U3W  |d WaSeSS 
042 |a pcc 
050 0 0 |a HB74.5 
210 0 |a Ekon. istraž.  |b (Online) 
222 0 |a Economic research  |b (Online) 
245 0 0 |a Economic research  |h [electronic resource] =  |b Ekonomska istraživanja. 
246 1 |a Economic research 
246 1 |a Ekonomska istraživanja 
260 |a Abingdon, Oxon :  |b Routledge, Taylor & Francis Group 
310 |a Annual 
321 |a Quarterly 
506 |a License restrictions may limit access. 
588 |a Description based on: Volume 19, issue 1 (June 2006); title from table of contents page (Hrcak website, viewed March 28, 2013). 
588 |a Latest issue consulted: Volume 31, issue 1 (2018) (viewed January 16, 2019). 
650 0 |a Economics  |x Research  |v Periodicals. 
650 7 |a Economics  |x Research.  |2 fast  |0 (OCoLC)fst00902203 
655 0 |a Electronic journals. 
710 2 |a Sveučilište Jurja Dobrile u Puli.  |b Odjel za ekonomiju i turizam "Dr. Mijo Mirković." 
776 0 8 |i Print version:  |t Economic research  |x 1331-677X  |w (DLC) 2016207469  |w (OCoLC)908132767 
780 0 0 |t GOSPODARSTVO ISTRE  |x 0353-2860  |w (OCoLC)499230949 
850 |a DLC 
856 4 0 |z Full text available from Research Library: 12/01/2010 to 12/31/2017  |u https://search.proquest.com/publication/436302 
856 4 0 |z Full text available from Research Library: 01/01/2019 to present  |u https://search.proquest.com/publication/436302